Cesta kontemplace /

Hlavní autor: Jálics, Ferenc, 1927-2021
Další autoři: Ondrášová, Maria Mlada, 1962-
Jazyk: Čeština
Vydáno: V Praze : Stanislav Juhaňák - Triton, 2023
Vydání: 2. vydání
Témata:
Fyzický popis: 90 stran ; 17 cm
Knihy
Uloženo v:
LEADER 02299nam a2200661 i 4500
001 nkc20233510442
003 CZ PrNK
005 20230615093435.0
007 ta
008 230404s2023 xr e f 000 0 cze
015 |a cnb003510442 
020 |a 978-80-7553-706-5  |q (brožováno) 
035 |a (OCoLC)1389729437 
040 |a ABA001  |b cze  |e rda 
041 1 |a cze  |h ger 
072 7 |a 27-5  |x Liturgie. Křesťanské umění a symbolika. Duchovní život  |2 Konspekt  |9 5 
080 |a 27-583  |2 MRF 
080 |a 27-584.5  |2 MRF 
080 |a 2-587.7  |2 MRF 
080 |a 27-184  |2 MRF 
080 |a 27-534.3  |2 MRF 
080 |a 27-789.5-1/-9  |2 MRF 
080 |a (035)  |2 MRF 
100 1 |a Jálics, Ferenc,  |d 1927-2021  |7 js20020401003  |4 aut 
240 1 0 |a Kontemplative Weg.  |l Česky 
245 1 0 |a Cesta kontemplace /  |c Franz Jalics ; přeložila Maria Mlada Ondrášová 
250 |a 2. vydání 
264 1 |a V Praze :  |b Stanislav Juhaňák - Triton,  |c 2023 
300 |a 90 stran ;  |c 17 cm 
336 |a text  |b txt  |2 rdacontent 
337 |a bez média  |b n  |2 rdamedia 
338 |a svazek  |b nc  |2 rdacarrier 
500 |a Přeloženo z němčiny 
500 |a Na hřbetu označení: 28 
504 |a Obsahuje bibliografické odkazy 
650 0 7 |a kontemplace  |7 ph121815  |2 czenas 
650 0 7 |a duchovní cesta  |7 ph119626  |2 czenas 
650 0 7 |a duchovní zkušenosti  |7 ph547723  |2 czenas 
650 0 7 |a Bůh a člověk  |7 ph116953  |2 czenas 
650 0 7 |a křesťanská modlitba  |7 ph122103  |2 czenas 
650 0 7 |a kontemplativní modlitba  |7 ph121816  |2 czenas 
650 0 7 |a jezuitská spiritualita  |7 ph335399  |2 czenas 
650 0 9 |a contemplation  |2 eczenas 
650 0 9 |a spiritual path  |2 eczenas 
650 0 9 |a spiritual experiences  |2 eczenas 
650 0 9 |a relations between God and man  |2 eczenas 
650 0 9 |a Christian prayer  |2 eczenas 
650 0 9 |a contemplative prayer  |2 eczenas 
650 0 9 |a Jesuit spirituality  |2 eczenas 
655 7 |a příručky  |7 fd133209  |2 czenas 
655 9 |a handbooks and manuals  |2 eczenas 
700 1 |a Ondrášová, Maria Mlada,  |d 1962-  |7 xx0108556  |4 trl 
910 2 |a BOA001  |b 1-1508.588 
928 9 |a Triton 
990 |a BK 
995 |a 01 
991 |b 202306  |c NOV 
996 6 |b 2610939530  |c 1-1508.588  |l MZK  |r Sklad / do 1 hodiny  |n 0  |p p.v.  |w 001927010  |u 000010  |a 1  |e BOA001  |j MZK50  |s P